000 00595nam a2200193Ia 4500
003 GCL
008 140319s9999 xx 000 0 eng d
020 _a0380719185
040 _aGCL /
_cGCL
082 0 4 _a305.4209538
_bS P
100 1 _aSASSON, JEAN P.
245 1 0 _aPRINCESS :
_bA TRUE STORY OF LIFE BEHIND THE VEIL IN SAUDI ARABIA /
_cSASSON, JEAN P.
260 _a[S.N] :
_bAVON BOOKS ،
_c1992
300 _a16 CM ؛
_cX1, 283 P
650 0 4 _aWOMEN
650 0 4 _aSAUDI ARABIA - WOMEN SOCIAL CONDITIONS
650 0 4 _aSAUDI ARABIA - PRINCES AND PRINCESSES - BIOGRAPHY
942 _2ddc
_cBK
999 _c4796
_d4796